00400nam a2200133Ia 45000010005000000080041000050200022000460820022000681000028000902450079001182600025001979010029002229990015002514506241024s9999 xx 000 0 und d a978-9945-418-38-5 aRD/861/C216t/2015 aBruno Rosario Candelier 4aThe poética de tulio Cordero. Homenaje al Sacerdote y Poeta Interiorista bAteneo Insularc2015 a25/10/2016 11:55:47 a.m. c7853d7853